中远海运COSCO持股的海外码头 Overseas terminals held by COSCO - Statistics

General Stats
  • This quiz has been taken 17 times
  • The average score is 10 of 16
Answer Stats
国家 码头 目标泊位数 设计处理能力 持股/% % Correct
希腊 比雷埃夫斯 8 620 100
93%
秘鲁 钱凯 4 100 60
87%
新加坡 新加坡新港 5 485 49
87%
韩国 釜山 8 400 4
80%
荷兰 Euromax 5 320 18
80%
阿联酋 阿布扎比 3 250 40
73%
埃及 苏伊士运河 8 500 20
73%
土耳其 昆波特 6 210 26
73%
比利时 安特卫普 4 370 20
73%
德国 汉堡 4 154 24
60%
美国 西雅图 2 40 13
53%
西班牙 瓦伦西亚 6 410 51
47%
沙特阿拉伯 吉达红海 11 520 20
47%
比利时 泽布吕赫 3 130 90
40%
西班牙 毕尔巴鄂 3 100 40
40%
意大利 瓦多 6 111 40
7%
No matching quizzes found
Score Distribution
Percent of People with Each Score
Percentile by Number Answered
Your Score History
You have not taken this quiz